Bienvenido a nuestro catálago, Biblioteca Universidad Monteávila

Vista normal Vista MARC

Entrada Encabezamiento temático

Número de registros utilizados en: 1

001 - NÚMERO DE CONTROL

  • campo de control: 7510

003 - IDENTIFICADOR DEL NÚMERO DE CONTROL

  • campo de control: vecauma

005 - FECHA Y HORA DE LA ÚLTIMA TRANSACCIÓN

  • campo de control: 20230619140929.0

008 - DATOS DE LONGITUD FIJA

  • campo de control de longitud fija: 230619|| aca||aabn | a|a d

040 ## - FUENTE DE LA CATALOGACIÓN

  • Centro catalogador/agencia de origen: vecauma

150 ## - Materia

  • Encabezamiento temático: POLITICA LABORAL

360 ## - REFERENCIA COMPLEJA DE "VEASE ADEMAS" MATERIA

  • Texto explicativo: Véase además el subencabezamiento: Politica laboral bajo los nombres de las distintas unidades político-administrativas.

450 ## - REFERENCIA DE “VEASE” MATERIA

  • Encabezamiento temático: Labor policy

450 ## - REFERENCIA DE “VEASE” MATERIA

  • Encabezamiento temático: Política del trabajo

450 ## - REFERENCIA DE “VEASE” MATERIA

  • Encabezamiento temático: Trabajo
  • Subdivisión temática general: Política gubernamental

550 ## - REFERENCIA DE "VEASE ADEMAS" MATERIA

  • Encabezamiento temático: POLITICA ECONOMICA
  • Subcampo de control : g

550 ## - REFERENCIA DE "VEASE ADEMAS" MATERIA

  • Encabezamiento temático: POLITICA SOCIAL
  • Subcampo de control : g

550 ## - REFERENCIA DE "VEASE ADEMAS" MATERIA

  • Encabezamiento temático: DERECHO LABORAL

550 ## - REFERENCIA DE "VEASE ADEMAS" MATERIA

  • Encabezamiento temático: EMPLEO

550 ## - REFERENCIA DE "VEASE ADEMAS" MATERIA

  • Encabezamiento temático: MERCADO DE TRABAJO

550 ## - REFERENCIA DE "VEASE ADEMAS" MATERIA

  • Encabezamiento temático: POLITICA DE EMPLEO

550 ## - REFERENCIA DE "VEASE ADEMAS" MATERIA

  • Encabezamiento temático: SALARIOS

550 ## - REFERENCIA DE "VEASE ADEMAS" MATERIA

  • Encabezamiento temático: TRABAJO

670 ## - FUENTE EN LA QUE SE LOCALIZARON DATOS

  • Cita de la fuente: Catálogo de Autoridades de la Biblioteca Nacional de España, 2023
  • Información localizada: (Política laboral)

670 ## - FUENTE EN LA QUE SE LOCALIZARON DATOS

  • Cita de la fuente: Catálogo de Autoridades de la Biblioteca del Congreso, 2023
  • Información localizada: (Labor policy)

Copyright @ UMA Library
Universidad Monteávila Caracas, Venezuela

Edif. Sede principal Universidad Monteávila. Av. El Buen Pastor. Boleíta Norte. Caracas. 
Customized by Universidad Monteávila

Con tecnología Koha